00397nam a22001337a 4500008004100000040001800041041000800059100003000067245006400097260005400161300001800215650001800233650001200251130821s1925 fr gr fre  aCo-BoUCMbspa00afre aGueranger, Prosper, Padre03aL'année liturgique ; le temp de NoelcProsper Guéranger aTours (Francia)bMaison alfred Mane et Filsc1925 a2 volúmenes04aDevocionarios04aMisales